000 01014nas a2200301 i 4500
001 182837
003 ES-MaACL
005 20250809024235.0
008 131111u1981 mx | | ||pa d
022 _a9935-4993
080 _a327(72)
080 _a341
245 0 0 _aAnuario mexicano de relaciones internacionales.
260 _aMéxico :
_bUniversidad Nacional Autónoma de México, Escuela de Estudios Profesionales Acatlan,
_c1981-
300 _a3 v. ;
_c24 cm.
310 _aAnual
362 0 _aVol. 1 (1980)-
650 _aRelaciones internacionales.
_916783
650 0 7 _aDerecho internacional
_2embne
_911717
651 4 _aMéxico-
_xPolítica exterior-
_yS.XX.
_99071
655 7 _2tgfbne
_9226822
_aAnuarios
710 2 _aUniversidad Nacional Autónoma de México.
_bEscuela Nacional de Estudios Profesionales (Acatlán)
_9153810
852 _aES-MaACL
_jL-3617-19
866 0 _o1980-1981.
942 _2udc
_cPERIODICA
999 _c182837
_d182837